| 000 | 00500nam a2200169 4500 | ||
|---|---|---|---|
| 001 | 14502 | ||
| 005 | 20230410101830.0 | ||
| 008 | 060907n1998 dr spa | ||
| 035 | _9funglode14625 | ||
| 041 | _aES | ||
| 050 | 1 | 4 | _a118 BF 531 C352v 1998 |
| 100 | _aCastillo, Tony | ||
| 245 | 1 |
_aVivir al cien por ciento : _buna propuesta saludable para disfrutar de la vida / _cTony Castillo |
|
| 260 |
_aSanto Domingo : _bServicios, Rinoceronte, _c1998 |
||
| 300 | _a216 p. | ||
| 942 |
_2lcc _cbk |
||
| 999 |
_c14779 _d14779 |
||